000 00339nam a2200133Ia 4500
005 20260326235505.0
008 260326s9999||||xx |||||||||||||| ||und||
100 _aBayley, Stephen
245 0 _aDesign :
_b Intelligence made visible /
_cStephen Bayley
260 _bFirefly
300 _a335 p.
650 _aDISEÑO INDUSTRIAL
942 _cBK
999 _c8142
_d8142